Trabzonspor Squad 2024-2025 - Statistics

General Stats
  • This quiz has been taken 38 times
  • The average score is 26 of 40
Answer Stats
# Position Nation Player % Correct
1 GK Turkey Uğurcan Çakır
97%
7 FW Bosnia and Herzegovina Edin Višća
90%
70 FW Romania Denis Drăguș
87%
17 FW DR Congo Simon Banza
87%
- Coach Turkey Fatih Tekke
83%
- Coach Turkey Şenol Güneş
83%
15 DF Montenegro Stefan Savić
83%
9 FW Nigeria Anthony Nwakaeme
80%
6 MF France Batista Mendy
80%
10 MF Austria Muhammed Cham
80%
22 FW Ukraine Oleksandr Zubkov
80%
11 MF Turkey Ozan Tufan
80%
44 DF Ukraine Arseniy Batagov
77%
14 FW Ukraine Danylo Sikan
77%
- Coach Turkey Abdullah Avcı
73%
5 MF England John Lundstram
73%
79 DF Portugal Pedro Malheiro
73%
23 MF Turkey Umut Güneş
73%
8 MF North Macedonia Enis Bardhi
70%
35 MF Turkey Okay Yokuşlu
70%
61 MF Turkey Cihan Çanak
67%
94 FW Turkey Enis Destan
67%
99 FW Croatia Mislav Oršić
67%
19 DF Turkey Mustafa Eskihellaç
67%
18 DF Turkey Eren Elmalı
60%
4 DF Turkey Hüseyin Türkmen
60%
29 DF Turkey Serdar Saatçı
60%
24 DF Suriname Stefano Denswil
60%
26 MF France Tim Jabol-Folcarelli
60%
54 GK Turkey Taha Tepe
57%
3 DF Croatia Borna Barišić
53%
74 MF Turkey Salih Malkoçoğlu
53%
77 DF Turkey Arif Boşluk
50%
25 GK Turkey Onuralp Çevikkan
47%
20 DF Turkey Serkan Asan
43%
19 FW Turkey Umut Bozok
40%
90 FW Turkey Poyraz Yıldırım
37%
88 GK Turkey Ahmet Yıldırım
33%
84 DF Turkey Ali Şahin Yılmaz
30%
- Coach Turkey İhsan Derelioğlu
27%
No matching quizzes found
Score Distribution
Percent of People with Each Score
Percentile by Number Answered
Your Score History
You have not taken this quiz